| 000 | 01040nam a2200253 i 4500 | ||
|---|---|---|---|
| 003 | IT-RoINE | ||
| 005 | 20191007093644.0 | ||
| 008 | 950807s1995 sp h |r 000|||spa|d | ||
| 020 | _a8492013613 | ||
| 040 |
_aSpMaBN _cSpMaBN IT-RoINE _dIT-RoINE |
||
| 245 | 1 | 4 |
_aLos registros notariales de Madrid, 1441-1445 / _cestudios preliminares, Rogelio Pérez Bustamante y Antonio Rodríguez Adrados ; edición del texto, Rogelio Pérez Bustamante. |
| 260 |
_aMadrid : _bFundación Matritense del Notariado, _c1995. |
||
| 300 |
_a630 p. : _bfacs. ; _c30 cm. |
||
| 336 |
_2rdacontent _atext |
||
| 337 |
_2rdamedia _aunmediated |
||
| 338 |
_2rdacarrier _avolume |
||
| 500 | _aIncluye índices. | ||
| 504 | _aIncluye referencias bibliográficas al final de cada capítulo. | ||
| 650 | 0 | 4 |
_aProtocolos notariales _zEspaña _zMadrid _963174 |
| 651 | 4 |
_aMadrid (España) _xHistoria _ySiglo 15o. _xFuentes _963175 |
|
| 700 | 1 |
_aPérez-Bustamante, Rogelio, _99855 _d1945- |
|
| 700 | 1 |
_aRodríguez Adrados, Antonio, _d1925- _963176 |
|
| 942 | _cMTS | ||
| 999 |
_c32207 _d32207 |
||